Países da África pelas 2 Primeiras Letras - Statistics

Estatísticas Gerais
  • Esse quiz foi jogado 1 521 vezes
  • A pontuação média é 43 de 54
Respostas no mapa
Respostas codificadas por cores de uma escala verde-vermelha no mapa do quiz de acordo com a % correta abaixo.
 
Estatísticas das Respostas
Country % Correto
Madagáscar
97%
Malawi
97%
Mali
97%
Marrocos
97%
Maurícia
97%
Mauritânia
97%
África do Sul
94%
República Democrática do Congo
94%
República do Congo
94%
Egito
93%
Comores
88%
Côte d'Ivoire
88%
Argélia
87%
Angola
86%
Suazilândia
85%
Sudão
85%
Sudão do Sul
85%
Senegal
84%
Serra Leoa
84%
Seychelles
84%
Libéria
83%
Líbia
83%
Níger
82%
Nigéria
82%
Moçambique
81%
Cabo Verde
80%
Camarões
80%
Somália
79%
Etiópia
78%
Gabão
77%
Gâmbia
77%
Gana
77%
Tunísia
76%
Guiné
74%
Guiné-Bissau
74%
Guiné Equatorial
74%
República Centro-Africana
74%
Zâmbia
73%
Chade
72%
Botswana
71%
Lesoto
71%
Namíbia
71%
Burkina Faso
70%
Burundi
70%
Zimbábue
70%
Eritreia
69%
Tanzânia
66%
Quênia
64%
Togo
64%
Benim
63%
Ruanda
59%
Uganda
58%
Djibouti
57%
São Tomé e Príncipe
47%
Nenhum quiz correspondente encontrado
Distribuição das Pontuações
Porcentagem de Pessoas com Cada Pontuação
Percentil de Números Respondidos
Sua Pontuação Histórica
Você não jogou esse quiz